Trh, zisk a globalizácia v kontexte encykliky Caritas in veritate

Pápež Benedikt XVI. vo svojej encyklike Caritas in veritate (Láska v pravde) nevylučuje trh, zisk, globalizáciu. Poukazuje na ich pozitíva a príležitosti, ale súčasne dôrazne upozorńuje aj na negatíva a hroziace nebezpečenstvá, ak nebudú uplatňované základné princípy: spravodlivosť, solidarita, subs...

Celý popis

Uložené v:
Podrobná bibliografia
Hlavný autor: Bačová, Monika
Médium: Kapitola
Jazyk:Slovak
Predmet:
Tagy: Pridať tag
Žiadne tagy, Buďte prvý, kto otaguje tento záznam!

MARC

LEADER 00000naa$a2200000$$$4500
001 0121144
005 20240502072358.2
041 0 |a slo 
044 |a SK 
245 1 0 |a Trh, zisk a globalizácia v kontexte encykliky Caritas in veritate  |c Monika Bačová 
520 |a Pápež Benedikt XVI. vo svojej encyklike Caritas in veritate (Láska v pravde) nevylučuje trh, zisk, globalizáciu. Poukazuje na ich pozitíva a príležitosti, ale súčasne dôrazne upozorńuje aj na negatíva a hroziace nebezpečenstvá, ak nebudú uplatňované základné princípy: spravodlivosť, solidarita, subsidiarita, spoločné dobro. 
610 2 0 |a trh 
610 2 0 |a zisk 
610 2 0 |a globalizácia 
610 2 0 |a spravodlivosť 
610 2 0 |a subsidiarita 
610 2 0 |a cirkev 
100 1 |a Bačová, Monika